《国际歌》歌词 Lyrics to "The Internationale" Chinese ver. - Statistics

General Stats
  • This quiz has been taken 168 times
  • The average score is 26 of 42
Answer Stats
段落 歌词 % Correct
第一段 起来饥寒交迫的奴隶
98%
第一段 起来全世界受苦的人
91%
第一段 满腔的热血已经沸腾
88%
第一段 要为真理而斗争
77%
第一段 不要说我们一无所有
76%
第一段 奴隶们起来起来
75%
第一段 这是最后的斗争
74%
第一段 这是最后的斗争
74%
第二段 这是最后的斗争
74%
第二段 这是最后的斗争
74%
第三段 这是最后的斗争
74%
第三段 这是最后的斗争
74%
第一段 旧世界打个落花流水
73%
第一段 团结起来到明天
73%
第一段 团结起来到明天
73%
第二段 团结起来到明天
73%
第二段 团结起来到明天
73%
第三段 团结起来到明天
73%
第三段 团结起来到明天
73%
第一段 我们要做天下的主人
68%
第一段 英特纳雄耐尔就一定要实现
65%
第一段 英特纳雄耐尔就一定要实现
65%
第二段 英特纳雄耐尔就一定要实现
65%
第二段 英特纳雄耐尔就一定要实现
65%
第三段 英特纳雄耐尔就一定要实现
65%
第三段 英特纳雄耐尔就一定要实现
65%
第二段 从来就没有什么救世主
64%
第二段 也不靠神仙皇帝
60%
第二段 要创造人类的幸福
53%
第二段 全靠我们自己
53%
第二段 趁热打铁才能成功
47%
第二段 让思想冲破牢笼
46%
第二段 我们要夺回劳动果实
42%
第二段 快把那炉火烧得通红
42%
第三段 最可恨那些毒蛇猛兽
42%
第三段 吃尽了我们的血肉
40%
第三段 一旦把他们消灭干净
40%
第三段 鲜红的太阳照遍全球
38%
第三段 是谁创造了人类世界
35%
第三段 一切归劳动者所有
35%
第三段 哪能容得寄生虫
34%
第三段 是我们劳动群众
33%
No matching quizzes found
Score Distribution
Percent of People with Each Score
Percentile by Number Answered
Your Score History
You have not taken this quiz